000 00379nam a2200145Ia 4500
005 20260430133756.0
008 260429s9999||||xx |||||||||||||| ||und||
020 _a8185618879
082 _a822.330
_bGUR
100 _aGurr, Andrew
245 0 _aKing Richard ii /
_cAndrew Gurr
260 _aLondon :
_bCambridge University Press,
_c2005.
300 _a224 p.; pbk
942 _cTB
999 _c53941
_d53941